Sonic Adventure 1 & 2 Stage Quiz - Statistics

General Stats
  • This quiz has been taken 72 times
  • The average score is 27 of 45
Answer Stats
Hint Answer % Correct
Sonic City Escape
91%
Shadow Radical Highway
82%
Sonic, Big, E-102 Emerald Coast
80%
Sonic, Tails, Big Ice Cap
76%
Knuckles Pumpkin Hill
76%
Sonic, Tails, Knuckles Speed Highway
76%
Shadow Final Chase
73%
Sonic Green Forest
71%
Sonic Metal Harbor
69%
Shadow White Jungle
69%
Knuckles Aquatic Mine
67%
Sonic Final Rush
67%
Sonic Crazy Gadget
64%
Sonic, Knuckles, E-102 Red Mountain
64%
Sonic, Amy, Big Twinkle Park
64%
Knuckles Meteor Herd
62%
Tails Prison Lane
62%
Sonic Pyramid Cave
62%
Knuckles Wild Canyon
62%
Sonic, Tails, E-102 Windy Valley
62%
All (not Shadow) Cannon's Core
60%
Knuckles Death Chamber
60%
Shadow Sky Rail
60%
Rouge Dry Lagoon
58%
Rouge Mad Space
58%
Tails Mission Street
58%
Tails(Car) Route 101
58%
Sonic, Tails, Knuckles Casinopolis
56%
Rouge Egg Quarters
53%
Sonic, Amy, E-102 Final Egg
53%
Sonic, Knuckles Lost World
53%
Eggman Weapons Bed
53%
Eggman Cosmic Wall
51%
Tails Hidden Base
49%
Sonic, Tails Sand Hill
49%
Rouge Security Hall
49%
Amy, Big, E-102 Hot Shelter
47%
Eggman Iron Gate
47%
Eggman Sand Ocean
47%
Sonic, Tails, Knuckles, Sky Deck
47%
Eggman Lost Colony
44%
Rouge(Car) Route 280
44%
Sonic, Tails (1 & 2) Sky Chase
44%
Tails Eternal Engine
42%
All Twinkle Circuit
27%
No matching quizzes found
Score Distribution
Percent of People with Each Score
Percentile by Number Answered
Your Score History
You have not taken this quiz